Confess your sins; (Record no. 5196)
[ view plain ]
| 000 -LEADER | |
|---|---|
| fixed length control field | 00730nam a22002411 4500 |
| 001 - CONTROL NUMBER | |
| control field | 4532692 |
| 003 - CONTROL NUMBER IDENTIFIER | |
| control field | GBCCL |
| 005 - DATE AND TIME OF LATEST TRANSACTION | |
| control field | 20241126110535.0 |
| 008 - FIXED-LENGTH DATA ELEMENTS--GENERAL INFORMATION | |
| fixed length control field | 800124t19651964pau b 000 0 eng |
| 010 ## - | |
| -- | 65018922 |
| 040 ## - CATALOGING SOURCE | |
| Original cataloging agency | DLC |
| Transcribing agency | DLC |
| Modifying agency | DLC |
| 050 00 - | |
| -- | BX5149.C6 |
| -- | S7 |
| 082 00 - DEWEY DECIMAL CLASSIFICATION NUMBER | |
| Classification number | 265.62 |
| Item number | STO |
| 100 1# - MAIN ENTRY--PERSONAL NAME | |
| Personal name | Stott, John R. W. |
| 9 (RLIN) | 325 |
| 245 10 - TITLE STATEMENT | |
| Title | Confess your sins; |
| Remainder of title | the way of reconciliation, |
| Statement of responsibility, etc. | by John R. W. Stott. |
| 260 ## - PUBLICATION, DISTRIBUTION, ETC. | |
| Place of publication, distribution, etc. | Philadelphia, |
| Name of publisher, distributor, etc. | Westminster Press |
| Date of publication, distribution, etc. | [1966, c1964] |
| 300 ## - PHYSICAL DESCRIPTION | |
| Extent | 91, [1] p. |
| Dimensions | 19 cm. |
| 490 0# - SERIES STATEMENT | |
| Series statement | Christian foundations |
| 504 ## - BIBLIOGRAPHY, ETC. NOTE | |
| Bibliography, etc. note | Bibliography: p. 91-[92] |
| 650 #0 - SUBJECT ADDED ENTRY--TOPICAL TERM | |
| Topical term or geographic name entry element | Confession |
| General subdivision | Anglican Communion. |
| 9 (RLIN) | 9358 |
| 906 ## - LOCAL DATA ELEMENT F, LDF (RLIN) | |
| a | 7 |
| b | cbc |
| c | orignew |
| d | u |
| e | ocip |
| f | 19 |
| g | y-gencatlg |
| 942 ## - ADDED ENTRY ELEMENTS (KOHA) | |
| Source of classification or shelving scheme | Dewey Decimal Classification |
| Koha item type | Books |
| Koha issues (borrowed), all copies | 1 |
| Withdrawn status | Lost status | Source of classification or shelving scheme | Damaged status | Not for loan | Home library | Current Library | Shelving location | Date acquired | Total checkouts | Full call number | Barcode | Date last seen | Copy number | Price effective from | Koha item type | Date last checked out |
|---|---|---|---|---|---|---|---|---|---|---|---|---|---|---|---|---|
| Dewey Decimal Classification | GRACE BIBLE COLLEGE | GRACE BIBLE COLLEGE | Ministry & Mission | 2018-03-02 | 265.62 STO | 001382 | 2025-05-01 | c.1 | 2018-03-02 | Books | ||||||
| Dewey Decimal Classification | GRACE BIBLE COLLEGE | GRACE BIBLE COLLEGE | Ministry & Mission | 2018-08-16 | 1 | 265.62 STO | 002663 | 2025-05-01 | c.2 | 2018-08-16 | Books | 2024-08-19 |